Liverpool - Tous les Joueurs (2015-2026) - Statistiques

Statistiques générales
  • Ce quiz a été pris 519 fois
    268 depuis la dernière actualisation
  • Le résultat moyen est 43 sur 93
Statistiques - réponses
Matchs Période Nationalité Joueur % Correct
442 2017- Égypte Mohamed Salah
100%
374 2017- Pays-Bas Virgil Van Dijk
98%
378 2017- Écosse Andrew Robertson
96%
269 2016-2022 Sénégal Sadio Mané
96%
354 2016-2025 Angleterre Trent Alexander-Arnold
96%
333 2018- Brésil Alisson Becker
95%
362 2015-2023 Brésil Roberto Firmino
92%
183 2021-2026 France Ibrahima Konaté
91%
710 1998-2015 Angleterre Steven Gerrard
91%
492 2011-2023 Angleterre Jordan Henderson
87%
219 2018-2023 Brésil Fabinho
85%
45 2025- France Hugo Ekitiké
84%
150 2023- Argentine Alexis Mac Allister
82%
148 2022-2025 Colombie Luis Diaz
81%
147 2023- Hongrie Dominik Szoboszlai
80%
201 2016-2024 Cameroun Joël Matip
80%
182 2020-2025 Portugal Diogo Jota
79%
274 2015- Angleterre Joe Gomez
79%
22 2025- Suède Alexander Isak
78%
332 2015-2023 Angleterre James Milner
77%
180 2023- Pays-Bas Cody Gakpo
76%
143 2022-2025 Uruguay Darwin Nunez
76%
49 2025- Allemagne Florian Wirtz
75%
237 2016-2021 Pays-Bas Georginio Wijnaldum
75%
175 2014-2022 Belgique Divock Origi
74%
201 2013-2018 Brésil Philippe Coutinho
73%
87 2023- Japon Wataru Endo
73%
137 2023- Pays-Bas Ryan Gravenberch
72%
129 2018-2023 Guinée Naby Keïta
69%
63 2018-2021 Suisse Xherdan Shaqiri
69%
48 2025- Hongrie Milos Kerkez
68%
50 2024- Italie Federico Chiesa
66%
228 2018- Angleterre Curtis Jones
65%
185 2014-2020 Croatie Dejan Lovren
65%
115 2020-2025 Grèce Konstantinos Tsimikas
65%
35 2025- Pays-Bas Jeremie Frimpong
63%
204 2013-2019 Belgique Simon Mignolet
61%
49 2016-2022 Allemagne Loris Karius
60%
98 2020-2024 Espagne Thiago Alcantara
60%
55 2020-2022 Japon Takumi Minamino
58%
20 2025- Géorgie Giorgi Mamardashvili
57%
129 2012-2015 Angleterre Raheem Sterling
57%
149 2019-2025 Angleterre Harvey Elliott
54%
320 2008-2016 Slovaquie Martin Skrtel
54%
80 2013-2017 France Mamadou Sakho
53%
67 2019-2025 Irlande Caoimhin Kelleher
50%
160 2013-2019 Angleterre Daniel Sturridge
50%
167 2014-2018 Allemagne Emre Can
50%
146 2017-2023 Angleterre Alex Oxlade-Chamberlain
44%
78 2021- Angleterre Conor Bradley
44%
178 2014-2020 Angleterre Adam Lallana
38%
141 2014-2019 Espagne Alberto Moreno
38%
346 2007-2017 Brésil Lucas Leiva
38%
42 2015-2016 Belgique Christian Benteke
36%
28 2014-2016 Italie Mario Balotelli
36%
103 2015-2020 Angleterre Nathaniel Clyne
32%
30 2025- Angleterre Rio Ngumoha
31%
33 2019-2022 Pays de Galles Neco Williams
26%
19 2019- Angleterre Rhys Williams
26%
22 2022- Espagne Stefan Bajcetic
26%
53 2016-2018 Estonie Ragnar Klavan
23%
29 2019-2025 Angleterre Nathaniel Phillips
22%
13 2021 Turquie Ozan Kabak
21%
132 2012-2016 Angleterre Joe Allen
20%
58 2023-2025 Angleterre Jarell Quansah
19%
20 2025- Angleterre Trey Nyoni
19%
26 2019-2024 Espagne Adrian
18%
200 2009-2015 Angleterre Glen Johnson
18%
34 2014-2019 Serbie Lazar Markovic
15%
14 2021-2025 Angleterre Tyler Morton
15%
10 2023 Écosse Ben Doak
14%
21 2022-2024 Portugal Fabio Carvalho
14%
15 2013-2015 Espagne Iago Aspas
14%
38 2012-2015 Italie Fabio Borini
11%
58 2012-2016 Angleterre Jordon Ibe
11%
25 2015-2019 Angleterre Danny Ings
9%
27 2017-2019 Angleterre Dominic Solanke
9%
16 2016-2022 Serbie Marko Grujic
9%
51 2011-2018 Angleterre Jon Flanagan
8%
99 2011-2016 Espagne José Enrique
8%
11 2016-2022 Pays de Galles Ben Woodburn
7%
11 2015-2020 Espagne Pedro Chirivella
7%
24 2011-2015 Uruguay Sebastian Coates
7%
14 2022-2024 Angleterre Bobby Clark
4%
19 2014-2015 Espagne Javier Manquillo
4%
12 2013-2016 Espagne Luis Alberto
4%
13 2015-2022 Angleterre Sheyi Ojo
4%
21 2012-2015 Espagne Suso
4%
11 2013-2016 Australie Brad Smith
3%
13 2023-2025 Angleterre James McConnell
2%
20 2014-2017 Jamaïque Kevin Stewart
2%
22 2012-2017 Angleterre Andre Wisdom
1%
17 2009-2017 Espagne Dani Pacheco
0%
Aucun quiz correspondant
Distribution des résultats
% des personnes avec chaque résultat
Percentile par nombre de réponses
Votre historique - résultats
Vous n’avez pas pris ce quiz depuis la dernière actualisation